000
00291nam a22001097a 4500
999
_c
13624
_d
13624
082
_a
808.84491
100
_a
نسیمہ بن سراج
245
_a
دیس بدیس
260
_a
کراچی
_b
خواجہ پرنٹرز اینڈ پبلشرز
_c
٢٠٠٣
300
_a
٢٣٣ صفحات
942
_c
BK